01783nam a22003011a 4500001000800000005001700008008004100025010001300066040001800079041001100097050002300108082004500131130018700176245028800363260003800651300003100689500007900720504005100799505024600850650005201096730001301148730002401161906004501185991004901230942000601279999001701285952017901302456045820140517020003.0760114r19761923nyua b 001 0beng  a73018832 aDLCcDLCdDLC0 aengeth00aPJ9098b.B313 197600aPJ 9098.B313 1976aPJ 9098.B313 19762190 aBaralḿ and Yewśef.aBaralḿ and Yewśef, being the Ethiopic version of a Christianized recension of the Buddhist legend of the Buddha and the Bodhisattva /lEnglish & Ethiopic.10aBaralḿ and Yewśef.aBaralḿ and Yewśef, being the Ethiopic version of a Christianized recension of the Buddhist legend of the Buddha and the Bodhisattva /cthe Ethiopic text edited for the first time with an English translation and introd., etc., by E.A. Wallis Budge.h[Text] bCambridge at the Universityc1923 a2 v. 351p : ill. ; 23 cm. aReprint of the 1923 ed. published at the University Press, Cambridge, Eng. aIncludes bibliographical references and index.0 av. 1. Ethiopic text.--v. 2. The introduction, English translation, etc.: Introduction. The Book of Baralḿ and Yewśef, English translation. The preaching of St. Thomas in India (p. [279]-297) The acts of St. Thomas in India (p. [298]-338) 0aEthiopic literaturevTranslations into English.02lEnglish.0 lEnglish & Ethiopic. a7bcbccorignewd1eocipf19gy-gencatlg bc-GenCollhPJ9098i.B313 1976tCopy 1wBOOKS0001 c37040d37040 00102lcc40708GENaCPLbCPLcGENd2010-02-23eDonation - Windle Charity Trustg40.00l1oPJ 9098.B313 1976pR22000N3232r2019-09-26 00:00:00s2014-05-16t1w2010-02-23yBK